书目信息 |
| 题名: |
构筑物抗震鉴定标准
|
|
| 作者: | 中华人民共和国住房和城乡建设部 主编 ;李永录 起草 ;中冶建筑研究总院 主编 | |
| 分册: | ||
| 出版信息: | 北京 中国建筑工业出版社 2014.09 |
|
| 页数: | 223页 | |
| 开本: | 20cm | |
| 丛书名: | 中华人民共和国国家标准 | |
| 单 册: | ||
| 中图分类: | TU352.1 | |
| 科图分类: | ||
| 主题词: | 建筑设计--jian zhu she ji--抗震结构--国家标准--中国 | |
| 电子资源: | ||
| ISBN: | ||
| 000 | 01763nam 2200349 450 | |
| 001 | 1548206091 | |
| 005 | 20150822132507.29 | |
| 010 | @dCNY38.00 | |
| 091 | @a15112·23950 | |
| 094 | @aCN@bGB 50117-2014 | |
| 100 | @a20150326d2014 ekmy0chiy50 ea | |
| 101 | 0 | @achi |
| 102 | @aCN@b110000 | |
| 105 | @ak l 000yy | |
| 106 | @ar | |
| 200 | 1 | @a构筑物抗震鉴定标准@Agou zhu wu kang zhen jian ding biao zhun@d= Standard for seismic appraisal of special structures@f中华人民共和国住房和城乡建设部主编@Fzhong hua ren min gong he guo zhu fang he cheng xiang jian she bu zhu bian@g批准部门中华人民共和国住房和城乡建设部@zeng |
| 210 | @a北京@c中国建筑工业出版社@d2014.09 | |
| 215 | @a223页@d20cm | |
| 225 | 2 | @a中华人民共和国国家标准@Azhong hua ren min gong he guo guo jia biao zhun |
| 300 | @a本标准由中华人世共和国住房和城乡建设部, 中华人民共和国国家质量监督检验检疫总局联合于2014-05-16发布, 2015-02-01实施. | |
| 314 | @a本标准主编单位: 中冶建筑研究总院有限公司 ; 主要起草人: 李永录 ... [等] | |
| 330 | @a本书共分22章和6个附录。主要内容包括:总则,术语和符号,基本规定,场地、地基和基础、地震作用和抗震验算、钢筋混凝土框排架结构,钢框排架结构、通廊、简仓、容器和塔型设备基础结构,支架及构架,锅炉钢结构,等等。 | |
| 410 | 0 | @12001 @a中华人民共和国国家标准 |
| 510 | 1 | @aStandard for seismic appraisal of special structures@zeng |
| 586 | @a | |
| 606 | 0 | @a建筑设计@Ajian zhu she ji@x抗震结构@x国家标准@y中国 |
| 690 | @aTU352.1@v5 | |
| 701 | 0 | @a中华人民共和国住房和城乡建设部@Azhong hua ren min gong he guo zhu fang he cheng xiang jian she bu@4主编 |
| 702 | 0 | @a李永录@Ali yong lu@4起草 |
| 711 | 02 | @a中冶建筑研究总院@Azhong ye jian zhu yan jiu zong yuan@4主编 |
| 801 | 0 | @aCN@c20150820 |
| 905 | @a河南城建学院图书馆@dTU352.1@eZ911@f3 | |
| 构筑物抗震鉴定标准= Standard for seismic appraisal of special structures/中华人民共和国住房和城乡建设部主编/批准部门中华人民共和国住房和城乡建设部.-北京:中国建筑工业出版社,2014.09 |
| 223页;20cm.-(中华人民共和国国家标准) |
| 本标准由中华人世共和国住房和城乡建设部, 中华人民共和国国家质量监督检验检疫总局联合于2014-05-16发布, 2015-02-01实施. |
| ISBN :CNY38.00 |
| 本书共分22章和6个附录。主要内容包括:总则,术语和符号,基本规定,场地、地基和基础、地震作用和抗震验算、钢筋混凝土框排架结构,钢框排架结构、通廊、简仓、容器和塔型设备基础结构,支架及构架,锅炉钢结构,等等。 |
| ● |
| 相关链接 |
|
|
|
正题名:构筑物抗震鉴定标准
索取号:TU352.1/Z911
 
预约/预借
| 序号 | 登录号 | 条形码 | 馆藏地/架位号 | 状态 | 备注 |
| 1 | 1168221 | 211682213 | 建筑库101/101建筑库 82排2列5层/ [索取号:TU352.1/Z911] | 在馆 | |
| 2 | 1168222 | 211682222 | 建筑库101/101建筑库 82排2列5层/ [索取号:TU352.1/Z911] | 在馆 | |
| 3 | 1168223 | 211682231 | 建筑库101/101建筑库 82排2列5层/ [索取号:TU352.1/Z911] | 在馆 |